000 00286nam a2200121Ia 4500
008 190216s9999||||xx |||||||||||||| ||und||
100 _aKesava Pillai K G
245 0 _aKesaveeyam
260 _b"House Of Knowledge, Trichur"
_c1967
300 _a76p
650 _aKavithkal
942 _cBK
999 _c25833
_d25833